000 00470nam a2200181Ia 4500
008 090123s9999 xx 000 0 und d
082 _b3657
100 _aशहा नलिनी
245 _aकुलाईची आन
250 _a2
260 _c1974
300 _a111
600 _aशहा नलिनी
630 _aकुलाईची आन
700 _aशहा नलिनी
730 _aकुलाईची आन
942 _cBOOK
999 _c41736
_d41736